MDQL
is popping MORE tags! Check the
thread
!
Quizzes
Events
Quiz Creation
Community
Videos
Private Events
Remove Ads
Sign In
Join for FREE
Feedback
Dark Mode
Quiz Categories
Sports
Geography
Music
Movies
Television
Just For Fun
Miscellaneous
History
Literature
Language
Science
Gaming
Entertainment
Religion
Holiday
For Kids
Quiz Lab
Recent
Popular Today
Quiz Kudos Today
Editor Picks
Curator Picks
Quizzes by...
Day
Popularity
Type
Ratings
Length
Year
Community
Subscriptions
Recent Discussions
Orange Saloon
Badges
Playlists
Quests
Create
Leaderboards
Showdown
Live 5
Trivia Bingo
Activity
Puzzle Library
Sporcle Events
Private Events
Virtual Trivia
Globe League
Become a Host
Pub Owners
SporcleCon
Opinionation
Our Games
Videos
Blog
Mobile Apps
Partnerships
Remove Ads and Go Orange
Feedback
Television
TV Characters
TV Show
Sitcom
Network
Friends
Reality Shows
Cast
South Park
Star Trek
The Simpsons
Doctor Who
Television
TV Characters
TV Show
Sitcom
Network
Friends
Reality Shows
Cast
South Park
Star Trek
The Simpsons
Doctor Who
Random Quiz
Search Sporcle
×
Quiz Lab
Quiz Lab
Television
The Walking Dead
Click on answers out of a set of options
Click on answers out of a set of options
Multiple Choice
Best Score? Go Orange.
Walking dead characters dead or alive end of season 7 Stats
Can you choose the Walking dead characters that are dead or alive end of season 7?
By
br0wnie91
2m
25 Questions
1,273 Plays
1,273 Plays
1,273 Plays
Comments
Comments
Give Quiz Kudos
Give Quiz Kudos
-
- Ratings
hide this ad
More Info
Replay
Link that replays current quiz
Next Quiz
Link to next quiz in quiz playlist
You Got
0%
They Got
Avg Score
85%
Avg Friend Score
Upgrade to see
Score Distribution
Jump to the score distribution portion of the page
Score
0/25
Timer
02:00
0
Plays Today
Question
Answer
Wrong Answers
Rick
Alive
90%
Dead
4.7%
Philip (Governor)
Dead
89.2%
Alive
5.9%
T-Dog
Dead
89.1%
Alive
6.5%
Hershel
Dead
89%
Alive
6.1%
Merle
Dead
88.8%
Alive
6.2%
Tyreese
Dead
88.6%
Alive
6.8%
Maggie
Alive
88.2%
Dead
6.6%
Michonne
Alive
87.9%
Dead
6.9%
Carol
Alive
87.6%
Dead
7%
Beth
Dead
87.5%
Alive
7.5%
Officer Dawn
Dead
87.2%
Alive
8%
Bob
Dead
87.2%
Alive
7.7%
Morgan
Alive
86.8%
Dead
8.3%
Abraham
Dead
86.6%
Alive
9.1%
Amy
Dead
86.4%
Alive
8.9%
Glenn
Dead
86.3%
Alive
8.4%
Judith
Alive
86.1%
Dead
9.4%
Deana
Dead
85.2%
Alive
9.7%
Jesus
Alive
84.9%
Dead
10.3%
Spencer
Dead
82.5%
Alive
11.9%
Tara
Alive
82.2%
Dead
13.1%
Carl
Alive
81.3%
Dead
14.2%
Olivia
Dead
81.1%
Alive
14%
Gregory
Alive
73.3%
Dead
21.9%
Sasha
Dead
64.5%
Alive
30.4%
Quiz Playlist
Details
Report
Send in Message
Add To Playlist
More Info:
Choose whether the characters from the TV show are dead or alive up to the end of season 7
Multiple Choice:
Click on answers out of a set of options
Last Updated: Jun 4, 2017
Quiz Scoreboard
CHALLENGE
Sign Up to Join the Scoreboard
Show All
Scores
Hide
Comments
May contain spoilers
Recently Published
Holiday 10x10 Sorting Gallery
by lukepisani3
Holiday
15m
Two Season TV Shows II
by 123Four
Television
10m
Image Sorting: Flags VI
by Barbecue
Geography
2m
More to Explore
Quiz From the Vault
Featured Blog Post
14 Easter Pick-up Lines to Find Eggs With
hide this ad
You Might Also Like...
Tags
The Walking Dead
Today's Top Quizzes in Television
Browse Television
hide this ad
Today's Top Quizzes in The Walking Dead
Browse The Walking Dead
Top Contributed Quizzes in Television
1
Survivor Journey Challenge
2
Even More Two Season TV Shows
3
Adjectives in 00s TV Shows
4
Even More Three Season TV Shows
5
Survivor Logic Puzzle: Heroes vs. Villains
6
Adjectives in 10s TV Shows
7
One Season TV Shows
8
One Piece Logic Puzzle
9
Brooklyn Nine Nine Logic Puzzle (How-To-Play)
10
Click the SpongeBob Episodes (Season 3)
Explore More
Trending Topics
Anime
Harry Potter
Kpop
Disney
Marvel
Crossword
NBA
Country
WWE
NFL
The Office
Song
Puzzle
Pokémon
Soccer
hide this ad
More By:
br0wnie91
Quiz
Plays
Rating
Category
Featured
Created
Walking dead characters dead or alive end of season 7
1,273
3.00
Television
Dec 22, 2016
Go to Creator's Profile
Score Distribution
Quiz Creator Spotlight
br0wnie91
Follow
Send a Message
Quizzes Created
-
Created Quiz Play Count
-
More By This Creator
Popular Quizzes Today
1
Find the US States - No Outlines Minefield
2
Colored Red Africa Blitz
3
Find the 'City' Movie
4
The Countries of the World
5
Find the US States
6
5x2 Blitz: Bands
7
Find the Countries of Europe - No Outlines Minefield
8
US States
More Television Quizzes
TV Shows en Español
Published
Trending Quizzes
Colored Red Europe Blitz I
Colored Red Europe Blitz II
Colored Red Africa Blitz II
Colored Red Europe Blitz III
Colored Red Africa Blitz III
Recently Updated
Odd Team Out - Big 4 Players
pecheneg
Quick Pick: 20 Twenties
pecheneg
March Madness Men's Triple Doubles
pecheneg
How Do You Spell That?
pecheneg
Godzilla Movies
pecheneg
Grab Bag: 4-10 Letters
pecheneg
2024 March Madness Bracket
pecheneg
Famous TV Couples
Peacemaker
Champions League XIs: Real Madrid
pecheneg
Largest US Cities 1790-2010
pecheneg
Trending Topics
NBA
Kpop
Marvel
Anime
Crossword
Harry Potter
Disney
WWE
Puzzle
Soccer
Country
Song
Pokémon
NFL
The Office
Your Account Isn't Verified!
In order to create a playlist on Sporcle, you need to verify the email address you used during registration. Go to your
Sporcle Settings
to finish the process.
Report this User
Report this user for behavior that violates our
Community Guidelines
.
Details:
Send Report
Go to the Sporcle.com Mobile Site →
Comments